000 00642nam a2200277Ia 4500
005 20260324125850.0
008 008 260324s9999 xx 000 0 eng d
020 _a9780429240454
037 _aEBOOK
040 _aCRL
040 _beng
040 _cCRL
041 _2eng
041 _aeng
084 _qCRL
100 _aJesús Huerta De Soto
_91148841
245 4 _aThe Theory of Dynamic Efficiency
260 _bTaylor and Francis
260 _c2008
365 _a
365 _b240
856 _uhttp://www.taylorfrancis.com/books/9780429240454
942 _cEBOOK
999 _c1775243
_d1775243